| 000 -LEADER |
| fixed length control field |
00432cam a22001097a 4500 |
| 008 - FIXED-LENGTH DATA ELEMENTS--GENERAL INFORMATION |
| fixed length control field |
180718b1982 xxu||||| |||| 00| 0 eng d |
| 082 ## - DEWEY DECIMAL CLASSIFICATION NUMBER |
| Classification number |
J4x54 So13 |
| 245 ## - TITLE STATEMENT |
| Title |
Regional Inequalities in India : An inter-state and intra-state analysis |
| Statement of responsibility, etc. |
Edited by L.S. Bhatt et al |
| 260 ## - PUBLICATION, DISTRIBUTION, ETC. |
| Place of publication, distribution, etc. |
New Delhi |
| Name of publisher, distributor, etc. |
Society for the study of regional disparities |
| Date of publication, distribution, etc. |
1982 |
| 300 ## - PHYSICAL DESCRIPTION |
| Extent |
272p |
| 650 ## - SUBJECT ADDED ENTRY--TOPICAL TERM |
| Topical term or geographic name entry element |
India -Economic conditions - Regional disparities - Congresses |